000 00852nac a22002657a 4500
001 BR8104251
003 BR-BrBNA
005 20240105115028.0
008 230509b bl.|||m| |||| 00| 0 por d
040 _aBR-BrBNA
_bpor
_cBiblioteca Nacional de Agricultura
072 _aD10; C00; E15
090 _aD10 BR8104251
110 1 _aFundacao Joaquim Nabuco, Recife, PE (Brasil)
_94977
245 1 _aRelatorio anual-1980 [Fundacao Joaquim Nabuco; Divulgacao; Contabilidade; Brasil]
260 3 _aRecife, PE (Brasil):
_bMassangana,
_c1981.
300 _a60 p.
490 _aRelatorio - Fundacao Joaquim Nabuco (Brazil)
_v
_xISSN 0101-2363
500 _a28 illus.
650 _aADMINISTRACAO
650 _aDIVULGACAO
650 _aCONTABILIDADE
650 _aORCAMENTO
909 _a202312
_bLúcia Elande
_c55
_dLúcia Elande
942 _2AGRIS
_n0
_cMS
999 _c272638
_d272638